| 000 | 01016cam a22002651i 4500 | ||
|---|---|---|---|
| 003 | SA-RiAUC | ||
| 005 | 20241013065810.0 | ||
| 008 | 241013s1981 su g 0001e ara c | ||
| 040 |
_aSA-RiAUC _bara _cSA-RiAUC _erda |
||
| 082 | 0 | 4 |
_a081 _qSA-RiAUC |
| 090 |
_a081 _bس ب ا |
||
| 100 | 1 |
_aالسباعي، أحمد، _d1323-1404 هجري _eمؤلف. |
|
| 245 | 1 | 0 |
_aقال وقلت / _cأحمد السباعي. |
| 264 | 1 |
_aالطائف، السعودية : _bتهامة، _c1981 |
|
| 300 |
_a255 صفحة ؛ _c24 سم. |
||
| 336 |
_aنص _btxt _2rdacontent _3كتاب |
||
| 337 |
_aبدون وسيط _bn _2rdamedia |
||
| 338 |
_aمجلد _bnc _2rdacarrier |
||
| 490 | 1 |
_aالكتاب العربي السعودي ؛ _v33 |
|
| 650 | 7 |
_aالأدب العربي _zالسعودية _yقرن 14 هجري _vمقالات ومحاضرات _2aucsh |
|
| 650 | 7 | _aالمقالات العربية | |
| 830 | 2 |
_aالكتاب العربي السعودي _v33 |
|
| 942 |
_2ddc _cBOOK _n0 |
||
| 949 |
_aSA-JeALM _d241013 _umohamedma123 _n1 |
||
| 999 |
_c1237 _d1237 |
||